00754nam a22002417a 4500003000400000005001700004008004100021040001800062050001900080100003500099240004100134245007500175264003500250300002600285336002200311337002400333338002400357490003000381500004600411650002300457942001500480999001700495OSt20260530113910.0260420b2005 sp |||| |||| 00| 0 spa d aICIbspacICI 4aLB1027 bG37181 aGardner, Howard,eautor933252 aFive minds of the future.lEspañol14aLas cinco mentes del futuro : bun ensayo educativo / cHoward Gardner aBarcelona :bPaidós, cc2005 a113 páginasc17 cm. 2rdacontentatexto 2rdamediaasin medio 2rdacarrieravolumen0 aPaidós asterisco ;v 11 aTraducción de: Five minds of the future4 aEducación924402 2lccn0cBK c12093d12093